00834 a2200181 4500003000500000005001700005020002200022040000900044082001600053100002100069245011100090250000800201260004600209300001500255505032600270650003400596651002200630Nust20221121105041.0 a978-81-203-3737-4 cNust a621.381,LON aKerl E .Lonngren aFundamentals of Electronic with Matlab (Include CD) / cKerl E .Lonngren, Sava V. Savov, Randy J .Jost a2nd aNew DelhibPHI Learning Private Ltdc2009 axxii,529,p aMATLAB, Victor and Phasors (Page-3), Electrostatic Fields (Page-61), Magneto static Fields (Page-123), Boundary Value Problems Using MATLAB (Page-177), Time-Varying Electromagnetic Fields (Page-257), Electromagnetic Wave Propagation (Page-297), Transmission Lines (Page-353), Radiation of Electromagnetic Wave (Page-419). aTelecommunication Engineering a(Include CD)